| Tag |
First Indicator |
Second Indicator |
Subfields |
| LEADER |
00000pam a2200000 a 4500 |
| 001 |
in00000087466 |
| 005 |
20151008064809.0 |
| 008 |
811106s1982 mau b 00110 eng |
| 010 |
|
|
|a 81047623
|
| 020 |
|
|
|a 0669046981
|
| 035 |
|
|
|a (OCoLC)07998628
|
| 035 |
|
|
|9 AAK4820AM
|
| 039 |
0 |
|
|a 2
|b 3
|c 3
|d 3
|e 3
|
| 040 |
|
|
|a DLC
|c DLC
|d TXA
|d UtOrBLW
|
| 043 |
|
|
|a n-us---
|
| 049 |
|
|
|a TXAM
|c [1442931]
|
| 050 |
0 |
0 |
|a HD70.U5
|b H8
|
| 082 |
0 |
|
|a 658.4/062
|2 19
|
| 100 |
1 |
|
|a Hughes, Katherine.
|
| 245 |
1 |
0 |
|a Corporate response to declining rates of growth /
|c Katherine Hughes.
|
| 264 |
|
1 |
|a Lexington, Mass. :
|b Lexington Books,
|c [1982]
|
| 264 |
|
4 |
|c ©1982
|
| 300 |
|
|
|a vii, 223 pages ;
|c 24 cm.
|
| 336 |
|
|
|a text
|b txt
|2 rdacontent
|
| 337 |
|
|
|a unmediated
|b n
|2 rdamedia
|
| 338 |
|
|
|a volume
|b nc
|2 rdacarrier
|
| 504 |
|
|
|a Includes bibliographical references and index.
|
| 650 |
|
0 |
|a Industrial management
|z United States.
|
| 650 |
|
0 |
|a Industrial policy
|z United States.
|
| 650 |
|
0 |
|a Stagnation (Economics)
|
| 651 |
|
0 |
|a United States
|x Economic conditions
|y 1971-1981.
|
| 999 |
|
|
|a MARS
|
| 999 |
f |
f |
|s b9eb2531-cede-3cf8-85ad-3414609b3720
|i 3b0596bc-bf63-3fa1-a4eb-524c95a5b6fa
|t 0
|
| 952 |
f |
f |
|p ric
|a Texas A&M University
|b Rellis Campus
|c Joint Library Facility
|d Remote Storage
|t 0
|e HD70.U5 H8
|h Library of Congress classification
|i unmediated -- volume
|m A14806124930
|
| 998 |
f |
f |
|a HD70.U5 H8
|t 0
|l Remote Storage
|